Význam SNP v medzinárodných súvislostiach

Bibliographic Details
Main Author: Matejkin, Stanislav, 1943- (Author)
Format: Article
Language:Slovak
Subjects:

MARC

LEADER 00000nab a2200000 a 4500
001 vtls000033931
003 SK-MaSNL
005 20260303023435.0
008 180409c1979 xo 0 slo
015 |a SNBRB19rr/mm-uuuuu 
035 |a CL0044025 
040 |a SNKBUCL  |b slo  |c SNKBUCL  |e AACR2 
041 0 |a slo 
044 |a xo  |c SK 
080 |a 943.76  |2 1981 
100 1 |a Matejkin, Stanislav,  |d 1943-  |4 aut  |9 183810 
245 1 0 |a Význam SNP v medzinárodných súvislostiach  |c Stanislav Matejkin 
650 0 7 |a Slovenské národné povstanie (1944)  |2 snkbucl  |9 177948 
655 7 |a články z novín a časopisov  |2 snkbucl  |9 267496 
773 0 |t Smer  |g Roč. 31, č. 155 (4. 7. 1979), s. 5 
850 |a Slovenská národná knižnica v Martine  |a MTA001 
852 |a SNK  |b KIS3GCP 
958 |a RK 
992 |a RBX 
999 |c 1634530  |d 1636460